The Dragons of Autism : (Record no. 608879)

MARC details
000 -LEADER
fixed length control field 00518nam a2200193 a 4500
008 - FIXED-LENGTH DATA ELEMENTS--GENERAL INFORMATION
fixed length control field 260122s2003##################000#0#eng##
020 ## - INTERNATIONAL STANDARD BOOK NUMBER
ISBN 9781843107415
082 04 - DEWEY DECIMAL CLASSIFICATION NUMBER
Classification number 618.92898
Item number HOL
100 1# - MAIN ENTRY--AUTHOR NAME
Personal name Holland, Olga,
245 10 - TITLE STATEMENT
Title The Dragons of Autism :
260 ## - PUBLICATION, DISTRIBUTION, ETC. (IMPRINT)
Name of publisher Jessica Kingsley Publishers,
Year of publication 2003.
300 ## - PHYSICAL DESCRIPTION
Number of Pages 203 pages
650 #0 - SUBJECT ADDED ENTRY--TOPICAL TERM
Topical Term Family & Relationships.
942 ## - ADDED ENTRY ELEMENTS (KOHA)
Koha item type English Books
Holdings
Withdrawn status Lost status Damaged status Not for loan Home library Current library Shelving location Date acquired Full call number Accession Number Price effective from Koha item type
        Anna Centenary Library Anna Centenary Library 5TH FLOOR, B WING 22.01.2026 618.92898 HOL 332782 22.01.2026 English Books

Find us on the map